000 00184 a2200085 4500
082 _a174 BAZ
100 _aBazmi,Aslam
245 _aWinning Attitudes
260 _aPeshawar
_bPAF Press Club
300 _a110 .
_c21 cm .
999 _c144
_d144